00643nam a2200205 i 4500001000700000003000900007005001700016007000300033008004100036080001500077100002900092245009200121260003600213300002900249490002100278500008200299700001300381830002100394852002200415114961ES-MaACL20230906190309.0t|070214s1930 sp ||||1| spa d a86-221"19"1 aLópez de Haro, Rafael.10aSer o no ser b: comedia en tres actos / cRafael López de Haro ; dibujos de Barbero. aMadrid : bRivadeneyra, c1930. a62 p. : bil. ; c17 cm.1 aLa Farsa ; v122 3Estrenada en el teatro de la Princesa, de Madrid, el día 2 de marzo de 19261 aBarbero.0 aLa Farsa ; v122 aES-MaACLjC-13200